| 000 | 01647 a2200205 4500 | ||
|---|---|---|---|
| 001 | 47983 | ||
| 005 | 20260407155746.0 | ||
| 008 | 260407a1969 arg spa d | ||
| 003 | AR-UNSa-BCEJYS | ||
| 040 |
_aAR-UNSa-BCEJYS _bspa _cAR-UNSa-BCEJYS |
||
| 080 |
_a336.74 _xMoneda. Sistema monetario |
||
| 245 | 1 | 0 | _aTeoría monetaria y política pública |
| 264 | 1 |
_aMéxico : _bFondo de Cultura Económica _c1969 |
|
| 300 |
_a339 p. _c21 cm. |
||
| 505 | _a1. Introducción - Parte I: El dinero y los precios generales: 2. El valor interno del dinero -3. Creación y destrucción del dinero - 4. Teoría de la inflación - 5. Políticas anti-inflacionarias - Parte II: El interés, el ingreso y la ocupación: 6. Teoría de la preferencia por la la liquidez - 7. Política del interés y ocupación plena - 8. Teoría no-keynesianas del ahorro y la inversión - 9. Demanda total e ingreso nacional - 10. La función consumo - 11. Ahorro e inversión - 12. Teorías del multiplicador y de la aceleración - 13. Equilibrio de sub-ocupación secular - 14. Medidas para fomentar la inversión - 15. Medidas para elevar la función consumo - 16. Epílogo sobre la política de ocupación plena - Parte II: Equilibrio nacional vs. internacional: 17. Valor externo del dinero- El patrón oro - 18. Valor externo del dinero- El patrón papel-moneda - 19. El Fondo Monetario Internacional - El patrón mixto - 20. Soberanía monetaria y equilibrio internacional - 21. Inversión extranjera, el Banco Mundial y la ocupación - | ||
| 942 | _cBK | ||
| 590 | _aniveau_biblio:m niveau_hierar:0 | ||
| 100 | 1 | _aPimentel, Rubén C. | |
| 700 | 1 | _aKurihara, Kenneth k. | |
| 999 |
_c4512 _d4512 |
||